[Event "2. Bundesliga West 2015/16"]
[Site "Voels Theatersaal"]
[Date "2016.01.24"]
[Round "8"]
[Board "4"]
[White "Hengl, Christian"]
[Black "Berger, Kaspar"]
[Result "1/2-1/2"]
[WhiteElo "2245"]
[BlackElo "2051"]
[PlyCount "120"]
[EventDate "2015.10.16"]
[EventType "team"]
[EventRounds "11"]
[EventCountry "AUT"]
[WhiteTeam "Rochade Rum"]
[BlackTeam "SIR Bernhard 2"]

1. e4 c5 2. Nc3 d6 3. g3 g6 4. Bg2 Bg7 5. d3 Nc6 6. Be3 e6 7. Qd2 Nge7 8. Bh6
O-O 9. Bxg7 Kxg7 10. h4 h5 11. Nh3 e5 12. f4 Bg4 13. O-O f6 14. Rae1 Qd7 15.
Kh2 Nd4 16. Nd1 Rab8 17. Ne3 b5 18. c3 Ndc6 19. Rf2 b4 20. Ref1 bxc3 21. bxc3
Rb5 22. Nd5 Nxd5 23. exd5 Ne7 24. fxe5 dxe5 25. c4 Rb4 26. Ng5 Bf5 27. Rxf5
Nxf5 28. Ne6+ Kg8 29. Nxf8 Kxf8 30. Bh3 Qb7 31. Rf2 Kg7 32. Bxf5 gxf5 33. Qe3
Qc8 34. Qc1 Qb8 35. Kg2 Kg6 36. Qa3 Qb6 37. Qc1 Qb8 38. Qe3 Qc8 39. Kh2 a6 40.
Qe1 Qd7 41. Qc1 Qb7 42. Qc2 Qd7 43. Qd1 Qc8 44. a3 Rb6 45. Qa4 e4 46. dxe4 fxe4
47. Qc2 f5 48. Qd2 Qd8 49. Qe3 Qe7 50. d6 Rxd6 51. Qxc5 Qe6 52. Rxf5 Rd2+ 53.
Rf2 Rxf2+ 54. Qxf2 Qxc4 55. Qe3 Qc2+ 56. Kg1 Qb1+ 57. Kf2 Qc2+ 58. Ke1 Qb1+ 59.
Kf2 Qc2+ 60. Ke1 Qb1+ 1/2-1/2

[Event "2. Bundesliga West 2015/16"]
[Site "Voels Theatersaal"]
[Date "2016.01.24"]
[Round "8"]
[Board "5"]
[White "Prodinger, Johannes"]
[Black "Hoellrigl, Wilfried"]
[Result "1-0"]
[WhiteElo "1911"]
[BlackElo "2153"]
[PlyCount "117"]
[EventDate "2015.10.16"]
[EventType "team"]
[EventRounds "11"]
[EventCountry "AUT"]
[WhiteTeam "SIR Bernhard 2"]
[BlackTeam "Rochade Rum"]

1. d4 Nf6 2. c4 g6 3. g3 Bg7 4. Bg2 d6 5. Nf3 O-O 6. O-O Nbd7 7. Nc3 e5 8. e4
exd4 9. Nxd4 Re8 10. h3 Nc5 11. Re1 a5 12. b3 c6 13. Bb2 Qb6 14. a3 Bd7 15. Rb1
Rad8 16. Ba1 Bc8 17. Kh2 Re7 18. b4 axb4 19. axb4 Ne6 20. Na4 Qc7 21. Nc2 Ng5
22. Nc3 Rde8 23. f3 h5 24. h4 Ngh7 25. Qd2 Be6 26. Bf1 Nd7 27. Ne3 Ne5 28. Be2
f5 29. f4 Ng4+ 30. Nxg4 hxg4 31. Bd3 Nf6 32. Re2 fxe4 33. Nxe4 Nxe4 34. Rxe4 d5
35. Re2 Bf7 36. Bxg7 Kxg7 37. Rbe1 Qd6 38. c5 Qf6 39. Rxe7 Rxe7 40. Rxe7 Qxe7
41. Qe2 Qxe2+ 42. Bxe2 Be6 43. Bd3 Kf6 44. Kg1 Bf5 45. Be2 d4 46. Kf2 Ke7 47.
Bc4 Be4 48. Ke2 Kf6 49. Kd2 Bf5 50. Bd3 Be6 51. b5 Bf7 52. bxc6 bxc6 53. Be4
Bc4 54. Bxc6 Ke6 55. Be4 Kf6 56. Bd3 Bd5 57. Bb5 Be4 58. c6 Bf5 59. Ba6 1-0

[Event "2. Bundesliga West 2015/16"]
[Site "Voels Theatersaal"]
[Date "2016.01.24"]
[Round "8"]
[Board "6"]
[White "Jedinger, Andreas"]
[Black "Jakob, Tobias"]
[Result "1/2-1/2"]
[WhiteElo "2105"]
[BlackElo "1883"]
[PlyCount "76"]
[EventDate "2015.10.16"]
[EventType "team"]
[EventRounds "11"]
[EventCountry "AUT"]
[WhiteTeam "Rochade Rum"]
[BlackTeam "SIR Bernhard 2"]

1. e4 c5 2. Nf3 Nc6 3. d4 cxd4 4. Nxd4 e5 5. Nb5 a6 6. Nd6+ Bxd6 7. Qxd6 Qf6 8.
Qxf6 Nxf6 9. Nc3 Nb4 10. Bd3 d6 11. O-O Be6 12. f4 Rc8 13. a3 Nxd3 14. cxd3 Ke7
15. Bd2 h6 16. Rac1 Nd7 17. b4 f6 18. f5 Bf7 19. Be3 Rc6 20. Nd5+ Bxd5 21. exd5
Rcc8 22. g4 b5 23. Rfe1 Nb8 24. Ba7 Kd7 25. Kf2 Rxc1 26. Rxc1 Rc8 27. Rxc8 Kxc8
28. Kg3 Nd7 29. Kh4 Kd8 30. Kh5 Ke7 31. Kg6 Kf8 32. h4 Kg8 33. Be3 Nf8+ 34. Kh5
Nd7 35. Ba7 Kf8 36. Bf2 Kf7 37. Be3 Kg8 38. Ba7 Kf8 1/2-1/2

[Event "2. Bundesliga West 2015/16"]
[Site "Voels Theatersaal"]
[Date "2016.01.24"]
[Round "8"]
[Board "1"]
[White "Drabke, Lorenz"]
[Black "Krivoborodov, Egor"]
[Result "1/2-1/2"]
[WhiteElo "2462"]
[BlackElo "2522"]
[PlyCount "21"]
[EventDate "2015.10.16"]
[EventType "team"]
[EventRounds "11"]
[EventCountry "AUT"]
[WhiteTeam "Dornbirn"]
[BlackTeam "ASK Salzburg"]

1. d4 Nf6 2. Nf3 d5 3. c4 c6 4. Nc3 a6 5. cxd5 cxd5 6. Bf4 Nc6 7. Rc1 Nh5 8.
Bd2 Nf6 9. Bf4 Nh5 10. Bd2 Nf6 11. Bf4 1/2-1/2

[Event "2. Bundesliga West 2015/16"]
[Site "Voels Theatersaal"]
[Date "2016.01.24"]
[Round "8"]
[Board "2"]
[White "Besner, Bernhard"]
[Black "Novkovic, Milan"]
[Result "1/2-1/2"]
[WhiteElo "2211"]
[BlackElo "2380"]
[PlyCount "59"]
[EventDate "2015.10.16"]
[EventType "team"]
[EventRounds "11"]
[EventCountry "AUT"]
[WhiteTeam "ASK Salzburg"]
[BlackTeam "Dornbirn"]

1. e4 e6 2. d4 d5 3. e5 c5 4. c3 Nc6 5. Nf3 Bd7 6. Bd3 cxd4 7. cxd4 Qb6 8. O-O
Nxd4 9. Nbd2 Ne7 10. Nxd4 Qxd4 11. Nf3 Qb6 12. Be3 Qc7 13. Rc1 Nc6 14. Qa4 Qb8
15. Bb5 Be7 16. Qg4 Kf8 17. Bxc6 bxc6 18. Rc3 h6 19. Rfc1 Kg8 20. Rb3 Qc7 21.
Qf4 Bc8 22. Nd4 c5 23. Nf3 Kh7 24. Rbc3 c4 25. b3 Ba3 26. Rd1 Bb2 27. Rc2 c3
28. Bc1 Bxc1 29. Rdxc1 Qa5 30. Rxc3 1/2-1/2

[Event "2. Bundesliga West 2015/16"]
[Site "Voels Theatersaal"]
[Date "2016.01.24"]
[Round "8"]
[Board "3"]
[White "Schmidlechner, Alexander"]
[Black "Roth, Peter"]
[Result "1-0"]
[WhiteElo "2217"]
[BlackElo "2119"]
[PlyCount "67"]
[EventDate "2015.10.16"]
[EventType "team"]
[EventRounds "11"]
[EventCountry "AUT"]
[WhiteTeam "Dornbirn"]
[BlackTeam "ASK Salzburg"]

1. d4 g6 2. Nf3 Bg7 3. c3 d6 4. Bg5 Nd7 5. Nbd2 Ngf6 6. h3 O-O 7. e3 c6 8. Bd3
Qc7 9. O-O b5 10. Qc2 a6 11. a4 Bb7 12. Rfc1 e5 13. c4 b4 14. dxe5 dxe5 15. c5
Rfe8 16. e4 Nh5 17. g3 a5 18. Nb3 Nf8 19. Rd1 Ne6 20. Bc4 Bf8 21. Be3 Nf6 22.
Ng5 Nxg5 23. Bxg5 Nd7 24. Qd3 Bc8 25. Qe3 Kg7 26. Rd2 f6 27. Bh6+ Kh8 28. Bf7
Rd8 29. Rad1 Be7 30. Qf3 Ba6 31. Be6 Nb8 32. Rd6 Bb7 33. R1d2 Ba6 34. g4 1-0

[Event "2. Bundesliga West 2015/16"]
[Site "Voels Theatersaal"]
[Date "2016.01.24"]
[Round "8"]
[Board "4"]
[White "Juergens, Klaus"]
[Black "Ruescher, Christian"]
[Result "1-0"]
[WhiteElo "2161"]
[BlackElo "2093"]
[PlyCount "77"]
[EventDate "2015.10.16"]
[EventType "team"]
[EventRounds "11"]
[EventCountry "AUT"]
[WhiteTeam "ASK Salzburg"]
[BlackTeam "Dornbirn"]

1. Nf3 Nf6 2. c4 c6 3. g3 d5 4. Bg2 e6 5. b3 Nbd7 6. Bb2 Bd6 7. d4 O-O 8. O-O
Qe7 9. Nc3 b6 10. Re1 Bb7 11. e4 dxe4 12. Ng5 Rad8 13. Ngxe4 Bb8 14. Qc2 Rc8
15. Rad1 b5 16. c5 b4 17. Nxf6+ Nxf6 18. Ne4 Nd5 19. Bc1 h6 20. Rd3 Ba6 21. Rf3
Rce8 22. Nd2 Qd7 23. Nc4 Bxc4 24. bxc4 Ne7 25. Rd3 Rd8 26. Qa4 e5 27. d5 Qg4
28. d6 Ng6 29. Re4 Qh5 30. g4 Qh4 31. g5 Nf4 32. Bxf4 exf4 33. gxh6 Qxh6 34.
Qxc6 Qf6 35. Qd5 Qa1+ 36. Bf1 Qxa2 37. Rh3 Rd7 38. Qf5 g6 39. Qf6 1-0

[Event "2. Bundesliga West 2015/16"]
[Site "Voels Theatersaal"]
[Date "2016.01.24"]
[Round "8"]
[Board "5"]
[White "Proyer, Enno"]
[Black "Loeffler, Christoph"]
[Result "1-0"]
[WhiteElo "1906"]
[BlackElo "2159"]
[PlyCount "85"]
[EventDate "2015.10.16"]
[EventType "team"]
[EventRounds "11"]
[EventCountry "AUT"]
[WhiteTeam "Dornbirn"]
[BlackTeam "ASK Salzburg"]

1. d4 c6 2. c4 g6 3. Nc3 Bg7 4. Nf3 d6 5. e4 Bg4 6. Be3 Nd7 7. h3 Bxf3 8. Qxf3
c5 9. Qd1 cxd4 10. Bxd4 Ngf6 11. Be2 O-O 12. O-O a6 13. b4 Rc8 14. Qd3 Nb6 15.
c5 dxc5 16. bxc5 Nbd7 17. e5 Ne8 18. Qe3 Nc7 19. Bf3 Ne6 20. Rfd1 Nxd4 21. Rxd4
Qc7 22. Rb1 Nxe5 23. Rd5 Nxf3+ 24. Qxf3 e6 25. Rd3 Qxc5 26. Ne4 Qc6 27. Rxb7
Rc7 28. Rxc7 Qxc7 29. Ra3 a5 30. Rb3 Rb8 31. Nf6+ Bxf6 32. Qxf6 Rxb3 33. axb3
Qb6 34. Qc3 Qb4 35. Qxb4 axb4 36. Kf1 f5 37. Ke2 e5 38. Kd3 e4+ 39. Kc4 Kf7 40.
Kxb4 Ke6 41. Kc4 Kd6 42. Kd4 Kc6 43. g4 1-0

[Event "2. Bundesliga West 2015/16"]
[Site "Voels Theatersaal"]
[Date "2016.01.24"]
[Round "8"]
[Board "6"]
[White "Herrmann, Michael"]
[Black "Ausserer, Felix"]
[Result "1/2-1/2"]
[WhiteElo "2103"]
[BlackElo "1901"]
[PlyCount "60"]
[EventDate "2015.10.16"]
[EventType "team"]
[EventRounds "11"]
[EventCountry "AUT"]
[WhiteTeam "ASK Salzburg"]
[BlackTeam "Dornbirn"]

1. c4 c5 2. g3 g6 3. Bg2 Bg7 4. Nc3 Nc6 5. b3 e6 6. Rb1 Nge7 7. Bb2 O-O 8. Ne4
b6 9. Bxg7 Kxg7 10. Nd6 Nf5 11. Nxc8 Rxc8 12. Nf3 d5 13. O-O d4 14. e4 dxe3 15.
dxe3 Qxd1 16. Rfxd1 Rfd8 17. g4 Nfe7 18. Kf1 h6 19. h4 Kf8 20. Ke2 Ke8 21. Bh3
Rxd1 22. Rxd1 Rd8 23. Rxd8+ Kxd8 24. Kd2 Kc7 25. g5 h5 26. Kc3 Kd6 27. a3 a5
28. Nh2 Nc8 29. f4 Kc7 30. Nf3 Nd6 1/2-1/2

[Event "2. Bundesliga West 2015/16"]
[Site "Voels Theatersaal"]
[Date "2016.01.24"]
[Round "8"]
[Board "1"]
[White "Kessler, Luca"]
[Black "Bertagnolli, Alexander"]
[Result "0-1"]
[WhiteElo "2324"]
[BlackElo "2343"]
[PlyCount "64"]
[EventDate "2015.10.16"]
[EventType "team"]
[EventRounds "11"]
[EventCountry "AUT"]
[WhiteTeam "Goetzis 2"]
[BlackTeam "Kufstein/Woergl"]

1. Nf3 c5 2. g3 Nc6 3. Bg2 e5 4. O-O Be7 5. e4 h5 6. c3 g5 7. b4 g4 8. Ne1 cxb4
9. d4 bxc3 10. dxe5 Qa5 11. Be3 Nxe5 12. Bd4 d6 13. Nxc3 Nf6 14. Rb1 Bd7 15.
Rxb7 Bc6 16. Rb3 h4 17. Nd3 Rc8 18. Nb4 Ba8 19. Nbd5 Nfd7 20. Nxe7 Kxe7 21. Qd2
Ke8 22. Rb5 Qd8 23. Qf4 Qe7 24. Ra5 Rg8 25. Nb5 Rg6 26. Rxa7 Kf8 27. Bxe5 dxe5
28. Qf5 Bc6 29. Rc1 Rd8 30. a4 Kg7 31. Rc7 Bxb5 32. axb5 Rg5 0-1

[Event "2. Bundesliga West 2015/16"]
[Site "Voels Theatersaal"]
[Date "2016.01.24"]
[Round "8"]
[Board "2"]
[White "Koepke, Christian"]
[Black "Gauss, Gustav"]
[Result "0-1"]
[WhiteElo "2322"]
[BlackElo "2182"]
[PlyCount "60"]
[EventDate "2015.10.16"]
[EventType "team"]
[EventRounds "11"]
[EventCountry "AUT"]
[WhiteTeam "Kufstein/Woergl"]
[BlackTeam "Goetzis 2"]

1. c4 e5 2. g3 Nc6 3. Nc3 g6 4. Bg2 Bg7 5. d3 d6 6. Rb1 a5 7. a3 f5 8. e3 Nf6
9. Nge2 O-O 10. O-O Ne7 11. f4 c6 12. b3 h6 13. h3 g5 14. Qc2 Qe8 15. c5 Qd8
16. cxd6 Qxd6 17. fxe5 Qxe5 18. e4 fxe4 19. dxe4 Qc5+ 20. Kh1 Be6 21. b4 axb4
22. axb4 Qc4 23. Be3 Nh5 24. Bc5 Rxf1+ 25. Rxf1 Ng6 26. e5 Nxe5 27. Qd2 Nd3 28.
Ne4 Bd5 29. Qe3 Re8 30. Nd4 Nxc5 0-1

[Event "2. Bundesliga West 2015/16"]
[Site "Voels Theatersaal"]
[Date "2016.01.24"]
[Round "8"]
[Board "3"]
[White "Gretz, Denis"]
[Black "Maurer, Jochen"]
[Result "1/2-1/2"]
[WhiteElo "2073"]
[BlackElo "2254"]
[PlyCount "66"]
[EventDate "2015.10.16"]
[EventType "team"]
[EventRounds "11"]
[EventCountry "AUT"]
[WhiteTeam "Goetzis 2"]
[BlackTeam "Kufstein/Woergl"]

1. f4 g6 2. Nf3 Bg7 3. g3 d6 4. Nc3 c5 5. Bg2 Nc6 6. O-O e6 7. e3 Nge7 8. d3
O-O 9. Bd2 Rb8 10. g4 f5 11. gxf5 exf5 12. Rb1 d5 13. Ne2 d4 14. c4 b6 15. exd4
Nxd4 16. Nfxd4 Bxd4+ 17. Nxd4 Qxd4+ 18. Kh1 Bb7 19. Bc3 Bxg2+ 20. Kxg2 Qd7 21.
d4 cxd4 22. Qxd4 Qxd4 23. Bxd4 Rbd8 24. Rbd1 Nc6 25. Bc3 Rfe8 26. Kf3 Re4 27.
Rxd8+ Nxd8 28. Re1 Rxe1 29. Bxe1 Kf7 30. Bc3 Ke6 31. Ke3 Kd6 32. b4 Ne6 33.
Be5+ Kc6 1/2-1/2

[Event "2. Bundesliga West 2015/16"]
[Site "Voels Theatersaal"]
[Date "2016.01.24"]
[Round "8"]
[Board "4"]
[White "Rusche, Johannes"]
[Black "Jussupow, Nadia"]
[Result "1-0"]
[WhiteElo "2274"]
[BlackElo "2105"]
[PlyCount "75"]
[EventDate "2015.10.16"]
[EventType "team"]
[EventRounds "11"]
[EventCountry "AUT"]
[WhiteTeam "Kufstein/Woergl"]
[BlackTeam "Goetzis 2"]

1. e4 e6 2. d4 d5 3. Nd2 Nf6 4. e5 Nfd7 5. Bd3 c5 6. c3 Nc6 7. Ne2 cxd4 8. cxd4
f6 9. exf6 Qxf6 10. O-O Bd6 11. Nf3 h6 12. Ng3 O-O 13. Bc2 Rf7 14. Nh5 Qd8 15.
Re1 Nf8 16. Ne5 Nxe5 17. dxe5 Bc5 18. Be3 Qb6 19. Bxc5 Qxc5 20. Qd2 Bd7 21.
Rac1 Qb6 22. Re3 Rc8 23. Rg3 g6 24. Nf6+ Kg7 25. Nh5+ Kg8 26. Nf6+ Kg7 27. Bxg6
Rxc1+ 28. Qxc1 Nxg6 29. Qc2 Kf8 30. Rxg6 Bc6 31. Qd2 Ke7 32. h4 Qc5 33. b4 Qc4
34. Rg4 Qa6 35. Qc3 Qb6 36. a4 Bxa4 37. Qc8 Qc6 38. Ng8# 1-0

[Event "2. Bundesliga West 2015/16"]
[Site "Voels Theatersaal"]
[Date "2016.01.24"]
[Round "8"]
[Board "5"]
[White "Scheffknecht, Philipp"]
[Black "Neuschmied, Siegfried"]
[Result "0-1"]
[WhiteElo "2152"]
[BlackElo "2246"]
[PlyCount "120"]
[EventDate "2015.10.16"]
[EventType "team"]
[EventRounds "11"]
[EventCountry "AUT"]
[WhiteTeam "Goetzis 2"]
[BlackTeam "Kufstein/Woergl"]

1. d4 Nf6 2. c4 g6 3. Nc3 Bg7 4. e4 d6 5. f3 O-O 6. Be3 c5 7. Nge2 Nc6 8. d5
Ne5 9. Ng3 e6 10. Be2 exd5 11. cxd5 a6 12. a4 h5 13. O-O Nh7 14. Qd2 Re8 15.
Rac1 b6 16. Nh1 Ra7 17. Nf2 f5 18. b3 Nf7 19. Bd3 Qf6 20. Rc2 Rae7 21. f4 Bf8
22. a5 b5 23. e5 dxe5 24. Bxc5 e4 25. Bxe7 Qxe7 26. Ncxe4 fxe4 27. Bxe4 Qf6 28.
Rc6 Bd6 29. g3 Nf8 30. Qc2 Bb7 31. Rb6 Re7 32. Bg2 Qd4 33. Rd1 Qe3 34. Kh1 Rc7
35. Qb2 Re7 36. Qc2 h4 37. Ne4 Bb4 38. Qd3 Qxd3 39. Rxd3 Bxa5 40. Rf6 Kg7 41.
gxh4 Nh6 42. h5 Rxe4 43. Rxg6+ Nxg6 44. Bxe4 Nxf4 45. Rf3 Bc7 46. Kg1 Nxh5 47.
h3 Nf6 48. Bf5 Bxd5 49. Rf1 Nxf5 50. Rxf5 Bxb3 51. Rg5+ Kh6 52. Rg2 Bd5 53. Rc2
Bb6+ 54. Kf1 b4 55. Ke2 b3 56. Rd2 a5 57. Kd3 a4 58. Rd1 a3 59. Kc3 Ne4+ 60.
Kb4 Bc5+ 0-1

[Event "2. Bundesliga West 2015/16"]
[Site "Voels Theatersaal"]
[Date "2016.01.24"]
[Round "8"]
[Board "6"]
[White "Atzl, Florian"]
[Black "Kranz, Armin"]
[Result "1/2-1/2"]
[WhiteElo "1918"]
[BlackElo "2131"]
[PlyCount "117"]
[EventDate "2015.10.16"]
[EventType "team"]
[EventRounds "11"]
[EventCountry "AUT"]
[WhiteTeam "Kufstein/Woergl"]
[BlackTeam "Goetzis 2"]

1. e4 e5 2. Nf3 Nc6 3. Bc4 Bc5 4. c3 Nf6 5. d3 a6 6. Bb3 d6 7. h3 Ba7 8. Nbd2
O-O 9. Nf1 Ne7 10. g4 Ng6 11. Ng3 Be6 12. g5 Nd7 13. h4 Nc5 14. h5 Nf4 15. Bxf4
exf4 16. Ne2 Bxb3 17. axb3 f5 18. b4 fxe4 19. dxe4 Nd7 20. Qd5+ Kh8 21. Nh4 h6
22. Ng6+ Kh7 23. Nxf8+ Qxf8 24. g6+ Kh8 25. Qxb7 Bb6 26. Rxa6 Rb8 27. Qd5 Ne5
28. Nd4 Qc8 29. Ra3 c5 30. Nf5 cxb4 31. Nxd6 Qc5 32. Qxe5 Qxe5 33. Nf7+ Kg8 34.
Nxe5 bxa3 35. bxa3 Bc7 36. Ke2 Bxe5 37. Rc1 Rb3 38. c4 f3+ 39. Kd1 Bf4 40. Ra1
Rd3+ 41. Ke1 Be5 42. Rc1 Rxa3 43. c5 Kf8 44. c6 Rc3 45. Rd1 Rxc6 46. Rd5 Bc3+
47. Kd1 Ke7 48. Rf5 Bd4 49. Rxf3 Rc5 50. Rf7+ Ke6 51. f4 Rxh5 52. e5 Rf5 53.
Rxg7 Rxf4 54. Rh7 Bxe5 55. Rxh6 Kf6 56. Ke2 Kg5 57. Rh3 Kxg6 58. Rg3+ Kh5 59.
Rf3 1/2-1/2

[Event "2. Bundesliga West 2015/16"]
[Site "Servus Europa Wals"]
[Date "2016.03.04"]
[Round "9"]
[Board "1"]
[White "Berchtenbreiter, Maximilian"]
[Black "Graf, Felix"]
[Result "1/2-1/2"]
[WhiteElo "2384"]
[BlackElo "2478"]
[PlyCount "61"]
[EventDate "2015.10.16"]
[EventType "team"]
[EventRounds "11"]
[EventCountry "AUT"]
[WhiteTeam "SPG Voels/HAK/HAS Innsbruck"]
[BlackTeam "Bregenz"]

1. b3 Nf6 2. Bb2 b6 3. d3 e6 4. Nd2 d5 5. g3 Bb7 6. Bg2 Be7 7. Ngf3 c5 8. O-O
Nc6 9. e4 O-O 10. Re1 d4 11. e5 Nd5 12. Ne4 b5 13. h4 a5 14. a4 bxa4 15. Rxa4
Ncb4 16. Nfg5 Bc6 17. Ra3 a4 18. Bc1 h6 19. Nh3 axb3 20. Rxb3 Ra1 21. Qg4 Kh8
22. Kh2 Nxc2 23. Bxh6 gxh6 24. Rxa1 Nxa1 25. Qh5 Kg7 26. Ra3 Nc2 27. Ra7 Qb8
28. Qg4+ Kh8 29. Qh5 Kg7 30. Qg4+ Kh8 31. Qh5 1/2-1/2

[Event "2. Bundesliga West 2015/16"]
[Site "Servus Europa Wals"]
[Date "2016.03.04"]
[Round "9"]
[Board "2"]
[White "Jorczik, Julian"]
[Black "Nuber, Blasius"]
[Result "1-0"]
[WhiteElo "2385"]
[BlackElo "2349"]
[PlyCount "91"]
[EventDate "2015.10.16"]
[EventType "team"]
[EventRounds "11"]
[EventCountry "AUT"]
[WhiteTeam "Bregenz"]
[BlackTeam "SPG Voels/HAK/HAS Innsbruck"]

1. d4 d5 2. c4 c6 3. Nf3 Nf6 4. Nc3 a6 5. c5 Bf5 6. Bf4 Nbd7 7. b4 e6 8. h3 h6
9. e3 Be7 10. Be2 Ne4 11. Nxe4 Bxe4 12. O-O O-O 13. Qb3 Bf6 14. Bd6 Bxf3 15.
Bxf3 Re8 16. Rad1 g6 17. a4 Be7 18. Bh2 b5 19. Ra1 f5 20. Ra3 Bf6 21. Rfa1 Rc8
22. axb5 axb5 23. Ra7 Nf8 24. Bd6 Be7 25. Bf4 Bg5 26. Be5 Bf6 27. R1a6 Bxe5 28.
dxe5 Re7 29. Qa3 Rec7 30. Qa1 Nd7 31. Be2 Kf7 32. f4 Ke8 33. Kh2 Rxa7 34. Rxa7
Rc7 35. Ra8 Rc8 36. Ra7 Rc7 37. Ra8 Rc8 38. Ra6 Nb8 39. Ra7 Nd7 40. Qa6 Ke7 41.
Bxb5 cxb5 42. Qd6+ Ke8 43. Qxe6+ Qe7 44. Qg8+ Qf8 45. Qxg6+ Kd8 46. e6 1-0

[Event "2. Bundesliga West 2015/16"]
[Site "Servus Europa Wals"]
[Date "2016.03.04"]
[Round "9"]
[Board "3"]
[White "Heinrich, Thomas"]
[Black "Weindl, Alfred"]
[Result "0-1"]
[WhiteElo "2144"]
[BlackElo "2331"]
[PlyCount "96"]
[EventDate "2015.10.16"]
[EventType "team"]
[EventRounds "11"]
[EventCountry "AUT"]
[WhiteTeam "SPG Voels/HAK/HAS Innsbruck"]
[BlackTeam "Bregenz"]

1. d4 Nf6 2. c4 c5 3. d5 b5 4. cxb5 a6 5. bxa6 g6 6. Nc3 Bg7 7. g3 d6 8. Bg2
Nbd7 9. Nf3 Bxa6 10. Rb1 O-O 11. O-O Qa5 12. Bd2 Rfb8 13. Qc2 Ne8 14. a4 Qd8
15. b3 Nc7 16. Rfd1 Qf8 17. e4 f5 18. Nh4 Ne5 19. Be1 f4 20. f3 Qf6 21. Kh1 Bh6
22. Ne2 fxg3 23. hxg3 Ne8 24. Bc3 Qf7 25. Bh3 Bc8 26. Bxc8 Rxc8 27. Bxe5 dxe5
28. Rd3 Nd6 29. Rc3 Bg5 30. Ng2 Qg7 31. f4 Bf6 32. Rxc5 exf4 33. Ngxf4 Rxc5 34.
Qxc5 Nxe4 35. Qc6 Nc3 36. Nxc3 Rf8 37. Kg2 Qh6 38. Rf1 Bg5 39. Qe6+ Kh8 40.
Qe5+ Bf6 41. Qe4 Rg8 42. a5 Qg5 43. Rh1 h5 44. Ne6 Qd2+ 45. Ne2 Qxa5 46. N2f4
Qa2+ 47. Qe2 Qxb3 48. Qxh5+ gxh5 0-1

[Event "2. Bundesliga West 2015/16"]
[Site "Servus Europa Wals"]
[Date "2016.03.04"]
[Round "9"]
[Board "4"]
[White "Dobosz, Henryk"]
[Black "Hajdarevic, Dino"]
[Result "1-0"]
[WhiteElo "2389"]
[BlackElo "2135"]
[PlyCount "77"]
[EventDate "2015.10.16"]
[EventType "team"]
[EventRounds "11"]
[EventCountry "AUT"]
[WhiteTeam "Bregenz"]
[BlackTeam "SPG Voels/HAK/HAS Innsbruck"]

1. c4 e5 2. Nc3 Nf6 3. Nf3 Nc6 4. e3 d5 5. cxd5 Nxd5 6. Bb5 Nxc3 7. bxc3 Bd7 8.
d4 exd4 9. cxd4 Bb4+ 10. Bd2 Qe7 11. O-O Bd6 12. e4 O-O 13. e5 Bb4 14. Bg5 Qe8
15. Rb1 Ba5 16. Qd3 Bb6 17. Rfe1 Ne7 18. Bxe7 Qxe7 19. Bxd7 Qxd7 20. Ng5 g6 21.
d5 Qg4 22. Ne4 Qf4 23. Nf6+ Kg7 24. Re2 Rad8 25. g3 Qd4 26. Qf3 h5 27. Re4 Qd2
28. a4 Rxd5 29. Nxd5 Qxd5 30. Qf6+ Kg8 31. Rbe1 Bd4 32. Qe7 Qd8 33. Qb4 c5 34.
Qxb7 Qa5 35. Qc6 Rb8 36. R1e2 Qc3 37. Kg2 Rb3 38. Rf4 Qc4 39. e6 1-0

[Event "2. Bundesliga West 2015/16"]
[Site "Servus Europa Wals"]
[Date "2016.03.04"]
[Round "9"]
[Board "5"]
[White "Georgiev, Georgi"]
[Black "Tuncer, Ufuk"]
[Result "0-1"]
[WhiteElo "2107"]
[BlackElo "2332"]
[PlyCount "118"]
[EventDate "2015.10.16"]
[EventType "team"]
[EventRounds "11"]
[EventCountry "AUT"]
[WhiteTeam "SPG Voels/HAK/HAS Innsbruck"]
[BlackTeam "Bregenz"]

1. d4 Nf6 2. Nf3 g6 3. Bf4 Bg7 4. e3 d6 5. h3 O-O 6. Be2 b6 7. O-O Bb7 8. c3
Nbd7 9. a4 a6 10. Na3 Ne4 11. Qb3 Rb8 12. Rfd1 Qe8 13. d5 Ndc5 14. Qc4 Qxa4 15.
Nd4 Qxc4 16. Bxc4 Nf6 17. Ne2 b5 18. Ba2 Na4 19. Rab1 Nb6 20. e4 Nxe4 21. Be3
Nf6 22. Bxb6 cxb6 23. Nc2 Rfc8 24. Ne3 Nd7 25. Nd4 Rc5 26. Nec2 Rbc8 27. Nb4
Nb8 28. Nd3 R5c7 29. Nf3 Nd7 30. Re1 Nf6 31. Nb4 a5 32. Nc6 Bxc6 33. dxc6 e5
34. Rbd1 Bf8 35. Ng5 h6 36. Ne4 Nxe4 37. Rxe4 Rxc6 38. Re3 Kg7 39. g4 R6c7 40.
Bd5 Rc5 41. h4 R8c7 42. Kg2 f5 43. h5 f4 44. Ree1 g5 45. Re4 Kf6 46. Kf3 Be7
47. Rd2 Ra7 48. Ke2 a4 49. Rb4 a3 50. bxa3 Rxa3 51. c4 bxc4 52. Rxc4 f3+ 53.
Kd1 Ra1+ 54. Kc2 Ra2+ 55. Kc3 Rxc4+ 56. Bxc4 Rxd2 57. Kxd2 e4 58. Bb5 d5 59.
Be8 Bb4+ 0-1

[Event "2. Bundesliga West 2015/16"]
[Site "Servus Europa Wals"]
[Date "2016.03.04"]
[Round "9"]
[Board "6"]
[White "Poettinger, Harald"]
[Black "Niedermeier, Thomas"]
[Result "0-1"]
[WhiteElo "2212"]
[BlackElo "2194"]
[PlyCount "74"]
[EventDate "2015.10.16"]
[EventType "team"]
[EventRounds "11"]
[EventCountry "AUT"]
[WhiteTeam "Bregenz"]
[BlackTeam "SPG Voels/HAK/HAS Innsbruck"]

1. c4 g6 2. g3 Bg7 3. Bg2 e5 4. Nc3 Nc6 5. e4 d6 6. Nge2 h5 7. h3 Be6 8. d3 Qd7
9. Nd5 O-O-O 10. Be3 h4 11. g4 f5 12. f3 Bh6 13. Bxh6 Nxh6 14. Qd2 Nf7 15.
O-O-O Kb8 16. Kb1 Rdf8 17. Rdf1 Qd8 18. Rf2 Ne7 19. Ne3 c6 20. f4 fxg4 21. hxg4
exf4 22. Nxf4 Bc8 23. Rhf1 Ne5 24. Qd1 c5 25. Bh3 N7c6 26. Nc2 g5 27. Nd5 Rxf2
28. Rxf2 Rf8 29. Rxf8 Qxf8 30. Qe2 Nd4 31. Nxd4 cxd4 32. Kc2 Be6 33. Kd1 Bxd5
34. cxd5 Qf3 35. Qxf3 Nxf3 36. b4 b6 37. Bf1 Ne5 0-1

[Event "2. Bundesliga West 2015/16"]
[Site "Servus Europa Wals"]
[Date "2016.03.04"]
[Round "9"]
[Board "1"]
[White "Votava, Jan"]
[Black "Baldauf, Marco"]
[Result "1/2-1/2"]
[WhiteElo "2524"]
[BlackElo "2420"]
[PlyCount "128"]
[EventDate "2015.10.16"]
[EventType "team"]
[EventRounds "11"]
[EventCountry "AUT"]
[WhiteTeam "Zillertal"]
[BlackTeam "Hohenems II"]

1. e4 c5 2. Nf3 d6 3. c3 Nf6 4. Be2 g6 5. O-O Bg7 6. d3 O-O 7. h3 Nc6 8. Be3 e5
9. Nbd2 Re8 10. a3 a5 11. a4 b6 12. Qb1 d5 13. Bg5 h6 14. Bxf6 Bxf6 15. Bd1 Ne7
16. Re1 Bb7 17. Bb3 Qd7 18. Qa2 Rad8 19. Rad1 Bg7 20. Nf1 Qc7 21. N3d2 Kh7 22.
Qb1 f5 23. Bc2 Rf8 24. Ne3 Kh8 25. c4 d4 26. Nd5 Qd6 27. Qc1 Rf7 28. Nb1 Rdf8
29. Rf1 f4 30. f3 Qd8 31. Nxe7 Qxe7 32. Rd2 Bf6 33. Kf2 h5 34. Ke2 Bh4 35. Rh1
Rh7 36. Qf1 Kg7 37. Kd1 Bc8 38. Kc1 g5 39. Bd1 Rfh8 40. Na3 Kf6 41. Nb5 Bg3 42.
Be2 Be6 43. Rd1 Kf7 44. Kb1 Ke8 45. Rc1 Kd7 46. Rd1 Rh6 47. Rc1 Kd8 48. Ka2 Qd7
49. Rb1 g4 50. hxg4 hxg4 51. Rxh6 Rxh6 52. fxg4 Bxg4 53. Rc1 Qg7 54. Qd1 Bd7
55. Qf1 Qg5 56. Bf3 Qh4 57. Rc2 Be1 58. Kb3 Qg3 59. Qe2 Bb4 60. Rc1 Qg6 61. Rf1
Rh2 62. Qd1 Qh6 63. Rg1 Be8 64. Bg4 Qg6 1/2-1/2